| 000 | 00935nam a22002297a 4500 | ||
|---|---|---|---|
| 999 |
_c12602 _d12602 |
||
| 003 | AR-CdUCM | ||
| 008 | 190409b ||||| |||| 00| 0 spa d | ||
| 040 |
_aMUNICIPALIDAD PROVINCIAL DEL CUSCO _cBIBLIOTECA MUNICIPAL DEL CUSCO |
||
| 082 |
_a146 / _bL45 |
||
| 100 |
_aLenin, W. I. _930520 |
||
| 245 |
_aMaterialismo y empiriocriticismo : _bNotas criticas sobre una filosofía reaccionaria / |
||
| 260 |
_aMadrid : _bJason, |
||
| 300 |
_a462 páginas ; _c19 cm. |
||
| 440 |
_aColección Hombres e ideas _930521 |
||
| 505 | _aContenido : A manera de introducción -- La teoría del conocimiento del empiricriticismo y del materialismo dialéctico -- La teoría del conocimiento del empiriocriticismo y del materialismo dialéctico ... | ||
| 650 |
_aMaterialismo _95459 |
||
| 650 |
_aEmpiriocriticismo _915843 |
||
| 650 |
_aTeoría _95077 |
||
| 700 |
_aRodas, Asís De _930522 |
||
| 942 |
_2ddc _cLIBROS |
||
| 945 |
_arah _d09/04/2019 |
||